Home for the holidays (Record no. 724)
[ view plain ]
| 000 -LEADER | |
|---|---|
| fixed length control field | 03032cgm a2200697Ia 4500 |
| 003 - CONTROL NUMBER IDENTIFIER | |
| control field | data |
| 005 - DATE AND TIME OF LATEST TRANSACTION | |
| control field | 20260322212031.0 |
| 007 - PHYSICAL DESCRIPTION FIXED FIELD--GENERAL INFORMATION | |
| fixed length control field | data |
| 008 - FIXED-LENGTH DATA ELEMENTS--GENERAL INFORMATION | |
| fixed length control field | data |
| 020 ## - INTERNATIONAL STANDARD BOOK NUMBER | |
| International Standard Book Number | 0792850742 |
| 020 ## - INTERNATIONAL STANDARD BOOK NUMBER | |
| International Standard Book Number | 9780792850748 |
| 024 1# - OTHER STANDARD IDENTIFIER | |
| Standard number or code | 027616865700 |
| 028 42 - PUBLISHER OR DISTRIBUTOR NUMBER | |
| Publisher or distributor number | DVD 1002359 |
| Source | MGM Home Entertainment |
| 040 ## - CATALOGING SOURCE | |
| Original cataloging agency | TEF |
| Transcribing agency | TEF |
| Modifying agency | CIN |
| -- | OCL |
| -- | CUV |
| -- | OCLCA |
| -- | RCS |
| -- | BTCTA |
| -- | RCS |
| -- | OCLCQ |
| -- | JBO |
| -- | CIN |
| 041 1# - LANGUAGE CODE | |
| Language code of text/sound track or separate title | fre |
| -- | fre |
| Language code of summary or abstract | eng |
| -- | spa |
| -- | eng |
| 050 14 - LIBRARY OF CONGRESS CALL NUMBER | |
| Classification number | PN1997 |
| Item number | .H6155 2001 |
| 082 04 - DEWEY DECIMAL CLASSIFICATION NUMBER | |
| Classification number | 791.43/72 |
| 090 ## - LOCALLY ASSIGNED LC-TYPE CALL NUMBER (OCLC); LOCAL CALL NUMBER (RLIN) | |
| Classification number (OCLC) (R) ; Classification number, CALL (RLIN) (NR) | DVD 907 |
| 001 - CONTROL NUMBER | |
| control field | data |
| 245 10 - TITLE STATEMENT | |
| Title | Home for the holidays |
| Medium | [videorecording] / |
| Statement of responsibility, etc. | Peggy Rajski ... [et al.]. |
| 250 ## - EDITION STATEMENT | |
| Edition statement | Widescreen. |
| 260 ## - PUBLICATION, DISTRIBUTION, ETC. | |
| Place of publication, distribution, etc. | [United States] : |
| Name of publisher, distributor, etc. | MGM Home Entertainment, |
| Date of publication, distribution, etc. | [2001], c1995. |
| 300 ## - PHYSICAL DESCRIPTION | |
| Extent | 1 videodisc (103 min.) : |
| Other physical details | sd., col. ; |
| Dimensions | 4 3/4 in. |
| 500 ## - GENERAL NOTE | |
| General note | Information from pre-release promotional materials; release date: Sept. 4, 2001. |
| 500 ## - GENERAL NOTE | |
| General note | Originally produced as a motion picture in 1995. |
| 500 ## - GENERAL NOTE | |
| General note | Based on a short story by Chris Radant. |
| 500 ## - GENERAL NOTE | |
| General note | Special features: Audio commentary by director Jodie Foster; theatrical trailer. |
| 508 ## - CREATION/PRODUCTION CREDITS NOTE | |
| Creation/production credits note | Director of photography, Lajos Koltai ; editor, Lynzee Klingman ; music, Mark Isham. |
| 511 1# - PARTICIPANT OR PERFORMER NOTE | |
| Participant or performer note | Holly Hunter, Robert Downey, Jr., Anne Bancroft, Dylan McDermott, Geraldine Chaplin, Steve Guttenberg, Claire Danes, Cynthia Stevenson, Charles Durning. |
| 520 ## - SUMMARY, ETC. | |
| Summary, etc. | Claudia Larson is a divorced single mom who just lost her job and now has to fly home for the traditional family Thanksgiving in Baltimore. From the plane, she calls for reinforcements--and her brother Tommy makes it down from Boston with a little surprise: a handsome friend named Leo. Between dropping the turkey in their sister's lap and a few fist fights on the front lawn, Claudia and Tommy recapture their childhood and Claudia and Leo explore the sweet possibility of romance. |
| 521 8# - TARGET AUDIENCE NOTE | |
| Target audience note | MPAA rating: PG-13. |
| 538 ## - SYSTEM DETAILS NOTE | |
| System details note | DVD, Dolby digital 5.1, stereo., aspect ratio: 1.85:1. |
| 546 ## - LANGUAGE NOTE | |
| Language note | English or French dialogue, French or Spanish subtitles. |
| 546 ## - LANGUAGE NOTE | |
| Language note | Closed-captioned. |
| 650 #0 - SUBJECT ADDED ENTRY--TOPICAL TERM | |
| Topical term or geographic name entry element | Adult children |
| Form subdivision | Drama. |
| 650 #0 - SUBJECT ADDED ENTRY--TOPICAL TERM | |
| Topical term or geographic name entry element | Thanksgiving Day |
| Form subdivision | Drama. |
| 655 #0 - INDEX TERM--GENRE/FORM | |
| Genre/form data or focus term | Feature films. |
| 655 #0 - INDEX TERM--GENRE/FORM | |
| Genre/form data or focus term | Comedy films. |
| 655 #0 - INDEX TERM--GENRE/FORM | |
| Genre/form data or focus term | Video recordings for the hearing impaired. |
| 655 #7 - INDEX TERM--GENRE/FORM | |
| Genre/form data or focus term | Comedy |
| Form subdivision | Feature. |
| Source of term | migfg. |
| 655 #7 - INDEX TERM--GENRE/FORM | |
| Genre/form data or focus term | Comedy films. |
| Source of term | gsafd. |
| 700 1# - ADDED ENTRY--PERSONAL NAME | |
| Personal name | Rajski, Peggy. |
| 700 1# - ADDED ENTRY--PERSONAL NAME | |
| Personal name | Foster, Jodie. |
| 700 1# - ADDED ENTRY--PERSONAL NAME | |
| Personal name | Richter, W. D. |
| 700 1# - ADDED ENTRY--PERSONAL NAME | |
| Personal name | Hunter, Holly, |
| Dates associated with a name | 1958- |
| 700 1# - ADDED ENTRY--PERSONAL NAME | |
| Personal name | Downey, Robert, |
| Dates associated with a name | 1965- |
| 700 1# - ADDED ENTRY--PERSONAL NAME | |
| Personal name | Bancroft, Anne, |
| Dates associated with a name | 1931-2005. |
| 700 1# - ADDED ENTRY--PERSONAL NAME | |
| Personal name | McDermott, Dylan. |
| 700 1# - ADDED ENTRY--PERSONAL NAME | |
| Personal name | Chaplin, Geraldine, |
| Dates associated with a name | 1944- |
| 700 1# - ADDED ENTRY--PERSONAL NAME | |
| Personal name | Guttenberg, Steve, |
| Dates associated with a name | 1958- |
| 700 1# - ADDED ENTRY--PERSONAL NAME | |
| Personal name | Danes, Claire, |
| Dates associated with a name | 1979- |
| 700 1# - ADDED ENTRY--PERSONAL NAME | |
| Personal name | Stevenson, Cynthia, |
| Dates associated with a name | 1962- |
| 700 1# - ADDED ENTRY--PERSONAL NAME | |
| Personal name | Durning, Charles, |
| Dates associated with a name | 1923- |
| 700 1# - ADDED ENTRY--PERSONAL NAME | |
| Personal name | Koltai, Lajos. |
| 700 1# - ADDED ENTRY--PERSONAL NAME | |
| Personal name | Klingman, Lynzee. |
| 700 1# - ADDED ENTRY--PERSONAL NAME | |
| Personal name | Isham, Mark. |
| 700 1# - ADDED ENTRY--PERSONAL NAME | |
| Personal name | Radant, Chris. |
| 710 2# - ADDED ENTRY--CORPORATE NAME | |
| Corporate name or jurisdiction name as entry element | PolyGram Filmed Entertainment (Firm) |
| 710 2# - ADDED ENTRY--CORPORATE NAME | |
| Corporate name or jurisdiction name as entry element | Egg Pictures. |
| 710 2# - ADDED ENTRY--CORPORATE NAME | |
| Corporate name or jurisdiction name as entry element | MGM Home Entertainment Inc. |
| Withdrawn status | Lost status | Damaged status | Not for loan | Home library | Current library | Shelving location | Date acquired | Total checkouts | Full call number | Barcode | Date last seen | Price effective from | Koha item type |
|---|---|---|---|---|---|---|---|---|---|---|---|---|---|
| Franklin | Franklin | General stacks | 22/03/2026 | 791.43/72 | BC0010741 | 22/03/2026 | 22/03/2026 | Books |